Migliori marcatori per posizione #4 - FRANCIA - Statistics

Statistiche generali
  • Questo quiz è stato fatto 27 volte
  • Il punteggio medio è 7 su 30
Statistiche sulle risposte
POS Posizione Giocatore % Corretto
P Punta Olivier Giroud
84%
Kylian Mbappé
80%
Thierry Henry
72%
Zinédine Zidane
68%
CC CentrocampistaCentrale Paul Pogba
56%
Theo Hernandez
48%
DC DifensoreCentrale Laurent Blanc
44%
TRQ Trequartista Michel Platini
44%
William Gallas
40%
Franck Ribéry
32%
Blaise Matuidi
24%
Youri Djorkaeff
24%
Benjamin Pavard
20%
Emmanuel Petit
20%
Patrick Vieira
20%
TD TerzinoDestro Jean Djorkaeff
16%
SP SecondaPunta Sylvain Wiltord
12%
Vincent Candela
12%
Eric Cantona
4%
Mathieu Debuchy
4%
Franck Sauzée
0%
TS TerzinoSinistro Jean-François Domergue
0%
AS Ala sinistra Jean Vincent
0%
Jonathan Clauss
0%
Jules Dewaquez
0%
MED Mediano Luis Fernandez
0%
Marc Molitor
0%
Maryan Wisniewski
0%
AD Ala Destra Raymond Kopa
0%
Roger Piantoni
0%
Nessun quiz corrispondente trovato
Distribuzione punteggi
Percentuale di utenti per punteggio
Percentile per numero di risposta
I tuoi punteggi nel tempo
Non hai fatto questo quiz